000 00454nam a2200205Ia 4500
003 0100
008 130303s9999 xx 000 0 und d
040 _cARRUPELIB
050 _aBJ1025.L5 1948
100 _aLillie, William
245 3 _aAn introduction to ethics
260 _aLondon
260 _bMethuen
260 _C1948
300 _aix
300 _b 342p. 22cm.
440 _aUniversity Paperbacks
650 _aETHICS
942 0 0 _01
999 _c57491
_d57491